000 00414nam a2200181Ia 4500
001 23902
005 20260414151008.0
008 260414t1961||||xx |||||||||||||| ||spa||
041 _aESP
082 _a720.9273
_bW92
100 _aWright, Frank Lloyd,
_eAUT
245 0 _aTestamento
_b
260 _c1961
300 _a220 páginas :
_c28 cm.
650 _aABD
654 _aCAU
942 _cLIB
_dJUS
_fJUS
_2ddc
_n
999 _c23902
_d23902